000 00841nam a22002657a 4500
001 BR7311214
003 BR-BrBNA
005 20230928084233.0
007 ta
008 230509b bl.||||| |||| 00| 0 por d
040 _aBR-BrBNA
_bpor
_cBiblioteca Nacional de Agricultura
041 _a(Por)
072 _aE15; E30
_b/G514
090 _ E15 BR7311214
110 1 _aSecretaria da Agricultura do Estado de Mato Grosso, Cuiaba (Brasil)
_98213
245 1 _aPrograma Integrado de Apoio Tecnico-Cientifico ao Desenvolvimento Agropecuario de Mato Grosso [Brasil]
260 3 _aCuiaba, MT (Brasil):
_c1973.
300 _a121 p.
500 _aSummary (Por); 35 tables; 6 illus.
650 _aASSISTENCIA TECNICA
650 _aPROJETO DE DESENVOLVIMENTO
650 _aMATO GROSSO
909 _a202309
_bLucia
_c55
_dLucia Elande
942 _cBK
999 _c17619
_d17619